000 00536nam a22002057a 4500
003 UA-OsUOA
001 51145
007 ta
008 20071212b un ||||| |||| 00| 0 ukr d
090 _a82
_bК-12
942 _cSA
040 _aUA-OsUOA
_bukr
_cUA-OsUOA
_dUA-OsUOA
245 _aКрізь терни - до зірок!../Про Ліну Костенко
300 _a12-13 с.
955 _a0
041 _aukr
080 _a82
773 0 _w51144
650 7 _a82 Література. Літературознавство
_2UDC
999 _c337236
_d337236